000
00339 a2200157 4500
001
61066
020
_a
9788516062569
040
_c
Anchieta - Pituba
240
1
0
_a
Log in to english 4
_l
Ing
245
1
0
_a
Log in to english 4
300
_a
136
362
0
_a
2009
440
1
_a
Moderna
650
4
_a
Inglês e inglês antigo
942
_c
BK
999
_c
61066
_d
61066